000 00282nam a22001217a 4500
041 _aENG
100 _aParmar .H.K .V
245 _aEssence Of Agriculture Engineering
260 _aDelhi
_bJaya PUB
_c1997
300 _a186
650 _aCompetitive Exam
856 _uCompetitive Exam
999 _c700
_d700